Sports Quiz

Random Sports or Hockey Quiz

NHL Closest Team Quiz Stats

 Plays Quiz Updated Jul 8, 2021

Support Sporcle.
Go Orange.
Score 0/32 Timer 07:00
0 Plays Today
Team Closest Team % Correct
Islanders???
83.6%
Panthers???
80.8%
Lightning???
79.6%
Kings???
77.1%
Oilers???
76.7%
Kraken???
76%
Ducks???
75.2%
Sabres???
72.5%
Blue Jackets*???
70.5%
Flames???
64.7%
Devils???
64.1%
Rangers???
58.7%
Senators???
57.6%
Sharks???
55.4%
Predators???
53%
Capitals???
51.4%
Team Closest Team % Correct
Canadiens???
49.8%
Canucks???
48.3%
Blackhawks???
47%
Hurricanes???
45.5%
Penguins???
42.9%
Jets???
41.4%
Avalanche???
41.3%
Maple Leafs???
39.6%
Bruins???
35.9%
Flyers???
31.4%
Red Wings???
28.4%
Stars???
28.1%
Blues???
28%
Coyotes???
23.6%
Wild???
18.8%
Golden Knights???
7.7%

You're not logged in!

Compare scores with friends on all Sporcle quizzes.
OR
Log In
Forgot?

From the Vault

Who Is That With Dick Clark?

by Hejman

The musicians may have aged, but Dick Clark looked the same the whole time.
Remove Ads.
Support Sporcle.
Get the best of Sporcle when you Go Orange. This ad-free experience offers more features, more stats, and more fun while also helping to support Sporcle. Thank you for becoming a member.

Show Comments

Extras

Top Quizzes Today


Score Distribution

Your Account Isn't Verified!

In order to create a playlist on Sporcle, you need to verify the email address you used during registration. Go to your Sporcle Settings to finish the process.

Report this User

Report this user for behavior that violates our Community Guidelines.

Details: